000 00265nam a2200109Ia 4500
008 240625s9999 xx 000 0 und d
041 _aeng
082 _a657.3 PEN
100 _aPENMAN STEPHEN H
245 _aFINANCIAL STATEMENT ANALYSIS AND SECURIT
260 _c2014
999 _c39753
_d39753